| 000 | 00613nam a2200193 i 4500 | ||
|---|---|---|---|
| 001 | 111227 | ||
| 003 | ES-MaACL | ||
| 005 | 20230906185251.0 | ||
| 007 | t| | ||
| 008 | 061121s1924 py r ||||1| spa d | ||
| 100 | 1 |
_aO'Leary, Juan E. ( _d1879-1969) _986341 |
|
| 245 | 1 | 3 |
_aEl Paraguay en la unificación argentina / _cJuan O'Leary. |
| 260 |
_aAsunción : _bLa Mundial, _c1924. |
||
| 300 |
_a174 p. ; _c19 cm. |
||
| 650 | 0 | 4 |
_aGuerra del Paraguay, 1865-1870. _913201 |
| 651 | 4 |
_aArgentina- _xRelaciones- _zParaguay. _9152857 |
|
| 651 | 4 |
_aParaguay- _xRelaciones- _zArgentina. _9152858 |
|
| 852 |
_aES-MaACL _jF-1185 |
||
| 999 |
_c111227 _d111227 |
||